| 000 | 00767cam a22002415a 4500 | ||
|---|---|---|---|
| 001 | ocm30743967 | ||
| 003 | OSt | ||
| 005 | 20171221140818.0 | ||
| 008 | 940711r19921985ja a 001 0 eng d | ||
| 020 | _a4770017073 | ||
| 040 |
_aFSP _cFSP _dCNO _dBAKER _dEG-ScBUE _beng |
||
| 082 | 0 | 4 |
_222 _a641.5952 _bRIC |
| 100 | 1 |
_aRichie, Donald, _d1924-2013 |
|
| 245 | 1 | 2 |
_aA taste of Japan : _bfood fact and fable : what the people eat : customs and etiquette / _cDonald Richie. |
| 250 | _a1st pbk. ed. | ||
| 260 |
_aTokyo : _bKodansha International, _c1992. |
||
| 300 |
_a112 p. : _bill. (some col.) ; _c26 cm. |
||
| 500 | _aIncludes index. | ||
| 541 | _aDonation from Japan foundation. | ||
| 650 | 7 |
_aCooking, Japanese _2BUEsh |
|
| 653 |
_bGGEN _cDecember2017 |
||
| 942 | _2ddc | ||
| 999 |
_c25768 _d25740 |
||